Library Banner

The Biochemical basis of neuropharmacology / (Record no. 27824)

MARC details
000 -LEADER
fixed length control field 00661nam a2200229Ia 4500
001 - CONTROL NUMBER
control field 27691
005 - DATE AND TIME OF LATEST TRANSACTION
control field 20250122093340.0
008 - FIXED-LENGTH DATA ELEMENTS--GENERAL INFORMATION
fixed length control field 140414s9999 xx 000 0 und d
020 ## - INTERNATIONAL STANDARD BOOK NUMBER
International Standard Book Number 0-19-510399-8
040 ## - CATALOGING SOURCE
Transcribing agency PK-LaUMT
082 ## - DEWEY DECIMAL CLASSIFICATION NUMBER
Classification number 615.78
Item number COO-B
100 ## - MAIN ENTRY--PERSONAL NAME
Personal name Efloyd E. Bloom
245 #4 - TITLE STATEMENT
Title The Biochemical basis of neuropharmacology /
Statement of responsibility, etc by Efloyd E. Bloom, Jack R. Cooper and Robert H. Roth
250 ## - EDITION STATEMENT
Edition statement 7th ed.
260 ## - PUBLICATION, DISTRIBUTION, ETC. (IMPRINT)
Place of publication, distribution, etc New York,USA:
Name of publisher, distributor, etc Oxford University Press,
Date of publication, distribution, etc 1996
300 ## - PHYSICAL DESCRIPTION
Extent 518 p.
546 ## - LANGUAGE NOTE
Language note EN
650 ## - SUBJECT ADDED ENTRY--TOPICAL TERM
Topical term or geographic name as entry element Nerve tissue-Chemistry
700 ## - ADDED ENTRY--PERSONAL NAME
Personal name Jack R. Cooper
700 ## - ADDED ENTRY--PERSONAL NAME
Personal name Robert H. Roth
942 ## - ADDED ENTRY ELEMENTS (KOHA)
Koha item type Books
Holdings
Withdrawn status Lost status Damaged status Home library Current library Date acquired Full call number Barcode Date last seen Price effective from Koha item type
      UMT Health Sciences Campus UMT Health Sciences Campus 2014-04-14 615.78 COO-B 31393 2024-01-13 2014-04-25 Books